000 01229nam a22003377a 4500
003 OSt
005 20230321061940.0
008 160606b xxu||||| |||| 00| 0 eng d
010 _a 96022953
020 _a0517703963
040 _aMMU
_cMMU
_dMMU
_dMMU
_beng
043 _an-us-vt
050 0 0 _aPS3552 .B64
_b1997
082 0 0 _a813/.54
_220
100 1 _aBohjalian, Chris,
_d1960-
245 1 0 _aMidwives :
_ba novel /
_cby Chris Bohjalian.
250 _a1st ed.
260 _aNew York :
_bHarmony Books,
_cc1997.
300 _a312 p. :
_c25 cm.
650 0 _aMidwives
_xFiction.
650 0 _aTrials
_xFiction.
651 0 _aVermont
_xFiction.
655 7 _aLegal stories.
_2gsafd
655 7 _aMedical novels.
_2gsafd
856 4 2 _3Contributor biographical information
_uhttp://www.loc.gov/catdir/bios/random057/96022953.html
856 4 1 _3Sample text
_uhttp://www.loc.gov/catdir/samples/random044/96022953.html
856 4 2 _3Publisher description
_uhttp://www.loc.gov/catdir/description/random0410/96022953.html
906 _a7
_bcbc
_corignew
_d1
_eocip
_f19
_gy-gencatlg
942 _2lcc
_cLOAN LOAN
999 _c17341
_d17341